[Event "Stuttgart-chA int"]
[Site "Ditzingen"]
[Date "2006.05.26"]
[Round "3"]
[White "Naumann, Marcus"]
[Black "Uhlarz, Joerg"]
[Result "1/2-1/2"]
[WhiteElo "1672"]
[BlackElo "1921"]
[PlyCount "99"]
[EventDate "2006.05.25"]
[EventType "swiss"]
[EventRounds "7"]
[EventCountry "GER"]
[SourceTitle "EXT 2018"]
[Source "ChessBase"]
[SourceDate "2017.10.13"]
[SourceVersion "1"]
[SourceVersionDate "2017.10.13"]
[SourceQuality "1"]

1. d4 f5 2. Nc3 Nf6 3. Bg5 e6 4. e4 fxe4 5. Nxe4 Be7 6. Bxf6 Bxf6 7. Nf3 0-0 8. c3 b6 9. Bd3 Ba6 10. Bxa6 Nxa6 11. Qd3 Nb8 12. 0-0-0 a5 13. h4 d5 14. Neg5 Bxg5+ 15. Nxg5 Rf5 16. g4 Rxg5 17. hxg5 Qxg5+ 18. Kb1 h6 19. Qe2 Qg6+ 20. Ka1 Nd7 21. f4 Re8 22. Rde1 Nf6 23. Reg1 Ne4 24. g5 hxg5 25. fxg5 e5 26. Qh2 Kf7 27. dxe5 Ke7 28. Rf1 Kd8 29. Qf4 Qxg5 30. Qxg5+ Nxg5 31. Rf5 Ne6 32. Kb1 c5 33. Kc2 Kc7 34. Rf7+ Kc6 35. Rg1 a4 36. Ra7 Kb5 37. Rg4 c4 38. Rd7 Kc5 39. Rg2 g5 40. Rd2 Nf4 41. b4+ axb3+ 42. axb3 cxb3+ 43. Kxb3 Rxe5 44. Rf7 Ne6 45. Rff2 Kd6 46. Rde2 Nc5+ 47. Kc2 Ne4 48. Rh2 b5 49. Kd3 Rf5 50. Rxe4 1/2-1/2

[Event "Stuttgart-chA int"]
[Site "Ditzingen"]
[Date "2006.05.25"]
[Round "2"]
[White "Schwan, Rudi"]
[Black "Naumann, Marcus"]
[Result "1-0"]
[WhiteElo "1963"]
[BlackElo "1672"]
[PlyCount "71"]
[EventDate "2006.05.25"]
[EventType "swiss"]
[EventRounds "7"]
[EventCountry "GER"]
[SourceTitle "EXT 2018"]
[Source "ChessBase"]
[SourceDate "2017.10.13"]
[SourceVersion "1"]
[SourceVersionDate "2017.10.13"]
[SourceQuality "1"]

1. e4 c5 2. Nf3 e6 3. c3 Nc6 4. d4 cxd4 5. cxd4 d5 6. e5 Nge7 7. Bd3 Nf5 8. Bxf5 exf5 9. 0-0 Be7 10. Nc3 0-0 11. a3 b6 12. Qb3 Ba6 13. Re1 Bc4 14. Qc2 Qd7 15. b3 Ba6 16. b4 Bc4 17. Nd1 b5 18. Ne3 a5 19. Nxf5 axb4 20. Nxe7+ Qxe7 21. Bg5 Qe6 22. axb4 Nxb4 23. Qc3 Nc6 24. Rxa8 Rxa8 25. Ra1 Qc8 26. Rxa8 Qxa8 27. h3 b4 28. Qe1 Qc8 29. Bd2 b3 30. Bc3 Nd8 31. Qb1 Qb7 32. Qf5 Ne6 33. Bb2 Qa7 34. Ng5 Qd7 35. Qxh7+ Kf8 36. Ba3+ 1-0

[Event "Stuttgart-chB int"]
[Site "Ditzingen"]
[Date "2005.05.06"]
[Round "3"]
[White "Florio, Antonio"]
[Black "Naumann, Marcus"]
[Result "1/2-1/2"]
[WhiteElo "1761"]
[BlackElo "1585"]
[PlyCount "56"]
[EventDate "2005.05.05"]
[EventType "swiss"]
[EventRounds "7"]
[EventCountry "GER"]
[SourceTitle "EXT 2018"]
[Source "ChessBase"]
[SourceDate "2017.10.13"]
[SourceVersion "1"]
[SourceVersionDate "2017.10.13"]
[SourceQuality "1"]

1. d4 c6 2. Nf3 d5 3. g3 Bf5 4. Bg2 Nf6 5. 0-0 e6 6. Nbd2 Nbd7 7. h3 Bd6 8. Nh4 Bg6 9. Nxg6 hxg6 10. Qe1 Qc7 11. c4 0-0-0 12. c5 Be7 13. b4 e5 14. Bb2 e4 15. a4 g5 16. g4 Nxg4 17. f4 Ne3 18. Qg3 Nxf1 19. Rxf1 Nf6 20. Qxg5 Kb8 21. b5 Nh5 22. b6 Qd7 23. Qe5+ Ka8 24. f5 Bf6 25. Qh2 Bh4 26. bxa7 Bg3 27. Qh1 Bf4 28. Rxf4 Nxf4 1/2-1/2

[Event "Wuerttemberg-ch U18"]
[Site "Friedrichshafen"]
[Date "2005.04.01"]
[Round "6"]
[White "Naumann, Marcus"]
[Black "Fuchs, Martin"]
[Result "1-0"]
[WhiteElo "1619"]
[BlackElo "1609"]
[PlyCount "91"]
[EventDate "2005.03.29"]
[EventType "swiss"]
[EventRounds "7"]
[EventCountry "GER"]
[SourceTitle "EXT 2007"]
[Source "ChessBase"]
[SourceDate "2006.11.23"]
[SourceVersion "1"]
[SourceVersionDate "2006.11.23"]
[SourceQuality "1"]

1. d4 d6 2. c3 Nf6 3. Bf4 g6 4. Nf3 Bg7 5. Nbd2 b6 6. e4 Bb7 7. Bd3 Nbd7 8. Qc2 c5 9. d5 0-0 10. 0-0 a6 11. a4 Qc7 12. c4 Rfe8 13. Rfe1 Nh5 14. Bg3 e6 15. Rad1 exd5 16. exd5 Nxg3 17. hxg3 f5 18. Ng5 Ne5 19. Ne6 Qf7 20. b3 Bf6 21. f4 Nxd3 22. Qxd3 Bc8 23. Nf3 Bxe6 24. dxe6 Rxe6 25. Rxe6 Qxe6 26. Re1 Bd4+ 27. Kf1 Qf6 28. Nxd4 cxd4 29. Qf3 Ra7 30. Qd5+ Qf7 31. Qxd4 b5 32. Qxd6 bxc4 33. Qd8+ Kg7 34. Qd4+ Kg8 35. bxc4 Rd7 36. Qc5 Rc7 37. Qd5 Kg7 38. Re6 Rd7 39. Qe5+ Kh6 40. c5 Rd1+ 41. Ke2 Rc1 42. c6 Rc4 43. Qd6 Rxa4 44. Kd3 Ra3+ 45. Kc2 Qg7 46. Qxa3 1-0

[Event "BEM-ch U16"]
[Site "Vaihingen/Enz"]
[Date "2003.01.25"]
[Round "2"]
[White "Naumann, Marcus"]
[Black "Rodinger, Michael"]
[Result "1-0"]
[WhiteElo "1468"]
[BlackElo "1034"]
[PlyCount "27"]
[EventDate "2003.01.??"]
[EventType "swiss"]
[EventRounds "7"]
[EventCountry "GER"]
[SourceTitle "EXT 2005"]
[Source "ChessBase"]
[SourceDate "2004.11.15"]
[SourceVersion "1"]
[SourceVersionDate "2004.11.15"]
[SourceQuality "1"]

1. d4 d5 2. Nc3 e6 3. e4 Nc6 4. e5 Bb4 5. Qg4 g6 6. Nf3 Nge7 7. Bd3 Nf5 8. Bg5 Nce7 9. Bf6 Rg8 10. Bxf5 gxf5 11. Qxg8+ Nxg8 12. Bxd8 Kxd8 13. Ng5 Ke8 14. Nxh7 1-0

[Event "Wuerttemberg-ch U16"]
[Site "Lindau"]
[Date "2002.04.04"]
[Round "5"]
[White "Buschle, Benedikt"]
[Black "Naumann, Marcus"]
[Result "1-0"]
[WhiteElo "1799"]
[BlackElo "1444"]
[PlyCount "29"]
[EventDate "2002.04.??"]
[EventType "swiss"]
[EventRounds "7"]
[EventCountry "GER"]
[SourceTitle "EXT 2003"]
[Source "ChessBase"]
[SourceDate "2002.11.25"]
[SourceVersion "1"]
[SourceVersionDate "2002.11.25"]
[SourceQuality "1"]

1. e4 c6 2. d4 d5 3. Nc3 dxe4 4. Nxe4 Bf5 5. Ng3 Bg6 6. Nf3 Nf6 7. Bd3 Nbd7 8. h4 h6 9. Bxg6 fxg6 10. Qd3 Qb6 11. Qxg6+ Kd8 12. 0-0 Rc8 13. Ne5 Nxe5 14. dxe5 Nd5 15. c4 1-0